| 000 | 02700nam a22004574i 4500 | ||
|---|---|---|---|
| 001 | 991061739678906706 | ||
| 003 | ES-BaIT | ||
| 005 | 20260424091232.0 | ||
| 008 | 260330e202510 spc|||||r|||||||| d cat|c | ||
| 017 |
_aDL PM 921-2025 _bOficina DL Palma |
||
| 020 | _a9788410377684 | ||
| 040 |
_aES-BaIT _bcat _erda _cES-BaIT |
||
| 041 | 1 |
_acat _hita |
|
| 043 | _ae-ita--- | ||
| 080 | _a850-2"19" | ||
| 100 | 1 |
_aPasolini, Pier Paolo, _d1922-1975 _eautor _938083 |
|
| 240 | 1 |
_aTurcs tal friùl. _lCatalà _9169296 |
|
| 245 | 1 | 4 |
_aEls Turcs al Friül / _cPier Paolo Passolini ; traducció: d'Adrià Martín Mor ; pròleg a aquesta edició: Bernat Reher ; prefaci: Giorgio Agamben ; nota preliminar: Graziella Chiarcossi ; traducció del prefaci i de la nota preliminar: Marina Laboreo |
| 250 | _aPrimera edició | ||
| 264 | 1 |
_aMallorca : _bLleonard Muntaner Editor, _coctubre de 2025 |
|
| 300 |
_a93 pàgines; _c20 cm |
||
| 336 |
_atext _btxt _2rdacontent |
||
| 337 |
_asense mediació _bn _2rdamedia |
||
| 338 |
_avolum _bnc _2rdacarrier |
||
| 490 | 1 |
_aTeatre ; _v39 |
|
| 500 | _aP15: D2, H13 i altres | ||
| 500 | _aTraducció de: I Turcs tal friùl | ||
| 520 | _a"Els Turcs al Friül és una obra de teatre històric que presenta una Cjasarse (localitat on es varen refugiar els germans Pasolini amb la mare) que fusiona dos moments històrics diferents però semblants: el context de destrucció i control per part de l’ocupació alemanya durant la segona guerra mundial i la tèrbola situació de l’any 1499 quan, poc després de la caiguda de Constantinoble, els turcs provinents dels Balcans representaven una autèntica amenaça amb atacs continuats contra la República de Venècia. Amb el temps, Els Turcs al Friül ha esdevingut un text enigmàtic que mostra determinats temes i aspectes que Pasolini desenvolupa i dissemina anys més tard. A través d’aquestes pàgines, l’escriptor construeix un autèntic monument de paraules amb una poderosa força simbòlica i lírica." -- Contracoberta | ||
| 650 | 4 |
_aGuerra Mundial II, 1939-1945 _vTextos dramàtics _967051 |
|
| 651 | 0 |
_aItàlia _xHistòria _y1943-1945, Ocupació alemanya _vTextos dramàtics _9167349 |
|
| 651 | 0 |
_aItàlia _xHistòria _y1492-1559 _vTextos dramàtics _9167350 |
|
| 700 | 1 |
_aMartín Mor, Adrià _etraductor _9169297 |
|
| 700 | 1 |
_aReher Fernàndez, Bernat _eescriptor d'un pròleg _9159043 |
|
| 700 |
_aAgamben, Giorgio, _d1942- _eescriptor d'un prefaci _9123169 |
||
| 700 | 1 |
_aChiarcossi, Graziella _eescriptor d'un text afegit _9169298 |
|
| 700 |
_aLaboreo Roig, Marina _etraductor _9150530 |
||
| 830 |
_aTeatre (Lleonard Muntaner) _v39 _9108960 |
||
| 908 | _aCDMAE | ||
| 940 | _aCVA2 | ||
| 942 |
_2udc _c1 |
||
| 999 |
_c137399 _d137399 |
||